Online
Catalog

Las masoras del libro de Deuteronomio : (Record no. 41248)

MARC details
000 -CABECERA
campo de control de longitud fija 00841nam a2200193 a 4500
001 - NÚMERO DE CONTROL
campo de control 000041759
005 - FECHA Y HORA DE LA ÚLTIMA TRANSACCIÓN
campo de control 20201002035734.0
008 - DATOS DE LONGITUD FIJA--INFORMACIÓN GENERAL
campo de control de longitud fija 131016s2002 sp 000 0 spa d
020 ## - NÚMERO INTERNACIONAL ESTÁNDAR DEL LIBRO
Número Internacional Estándar del Libro 8400080564
040 ## - FUENTE DE LA CATALOGACIÓN
Centro catalogador/agencia de origen DO-SdBNP
Lengua de catalogación spa
Centro/agencia transcriptor BNPHU
100 1# - ENTRADA PRINCIPAL--NOMBRE DE PERSONA
Nombre de persona Seijas de los Ríos-Zarzosa, Guadalupe
9 (RLIN) 68609
245 14 - MENCIÓN DE TÍTULO
Título Las masoras del libro de Deuteronomio :
Resto del título códice M1 de la Universidad Complutense de Madrid /
Mención de responsabilidad, etc. María Guadalupe Seijas de los Ríos-Zarzosa.
260 ## - PUBLICACIÓN, DISTRIBUCIÓN, ETC.
Lugar de publicación, distribución, etc. Madrid :
Nombre del editor, distribuidor, etc. CSIC,
Fecha de publicación, distribución, etc. 2002.
300 ## - DESCRIPCIÓN FÍSICA
Extensión 226 p. ;
Dimensiones 27 cm.
490 1# - MENCIÓN DE SERIE
Mención de serie Textos y Estudios "Cardenal Cisneros" de la Biblia Políglota Matritense
Designación de volumen o secuencia 61
500 ## - NOTA GENERAL
Nota general Texto en hebreo, español e inglés
710 2# - PUNTO DE ACCESO ADICIONAL--NOMBRE DE ENTIDAD CORPORATIVA
Nombre de entidad corporativa o nombre de jurisdicción como elemento de entrada Consejo Superior de Investigaciones Científicas (España)
9 (RLIN) 15178
830 #0 - PUNTO DE ACCESO ADICIONAL DE SERIE-TÍTULO UNIFORME
Título uniforme Textos y Estudios "Cardenal Cisneros" de la Biblia Políglota Matritense
Designación de volumen o secuencia 61
9 (RLIN) 15280
Holdings
Estado de retiro Estado de pérdida Restricciones de uso No para préstamo Código de colección Localización permanente Ubicación/localización actual Ubicación en estantería Fecha de adquisición Número de inventario Total de préstamos Signatura topográfica completa Código de barras Fecha visto por última vez Precio válido a partir de Tipo de ítem Koha
      Excluido de préstamo Monografías: Libros y Folletos General General En catalogación 16.10.2013 LF1   41759-10 25.06.2020 25.06.2020 No se presta

Powered by Koha